Statistiques concernant Mot mystérieux - Série 54

Cliquez ici pour prendre le quiz!

Statistiques générales

  • Ce quiz a été pris 59 fois
  • Le résultat moyen est 6 sur 10

Statistiques - réponses

IndicesMot% Correct
niveau - piéton - goix - avispassage
85%
rouge - soutien - mal - couteaugorge
81%
acacia - mouche - bonbon - abeillemiel
81%
bouchot - gaufres - frites - 971moule
80%
verbal - guitare - mineur taciteaccord
59%
blanc - bois - talon - cautionchèque
50%
jambon - vie - horaire - impôttranche
46%
frites - pistons - glace - nasalcornet
35%
soleil - saut - Nil - selfieperche
30%
accord - précaution - homme - Peterprincipe
17%

Distribution des résultats

Percentile par nombre de réponses

% des personnes avec chaque résultat

Votre développement - résultats

Vous n’avez pas pris ce quiz